| 000 | 00556nam a2200181Ia 4500 | ||
|---|---|---|---|
| 001 | 1751 | ||
| 005 | 20260306143751.0 | ||
| 008 | 260306t2012||||xx |||||||||||||| ||spa|| | ||
| 041 | _aESP | ||
| 082 |
_a155.28 _bR763 |
||
| 100 |
_aRoffé, Marcelo _eAUT |
||
| 245 | 0 |
_aTest gráfico de situaciones deportivas (TGSD): _buna aproximación proyectiva a la evaluación de variables psicológicas relevantes en el deporte infantil y juvenil |
|
| 260 | _c2012 | ||
| 300 |
_a97 páginas : _c20 cm. |
||
| 650 | _aGEN | ||
| 654 | _aCPS | ||
| 942 |
_cLIB _dJUS _fJUS _2ddc _n |
||
| 999 |
_c1751 _d1751 |
||